Find the Wrong Flag - Statistics

General Stats
  • This quiz has been taken 6,805 times
  • The average score is 6 of 14
Answer Stats
Question Answer % Correct
Which is the wrong flag?
73%
Which is the wrong flag?
69%
Which is the wrong flag?
62%
Which is the wrong flag?
61%
Which is the wrong flag?
58%
Which is the wrong flag?
43%
Which is the wrong flag?
39%
Which is the wrong flag?
36%
Which is the wrong flag?
35%
Which is the wrong flag?
32%
Which is the wrong flag?
32%
Which is the wrong flag?
22%
Which is the wrong flag?
20%
Which is the wrong flag?
14%
No matching quizzes found
Score Distribution
Percent of People with Each Score
Percentile by Number Answered
Your Score History
You have not taken this quiz